|
|
|
|
| LEADER |
00000nam1a2200000 4500 |
| 001 |
305384 |
| 005 |
20231102001808.0 |
| 020 |
|
|
|a RU
|b 83-48996
|
| 035 |
|
|
|a (RuTPU)RU\TPU\book\330652
|
| 090 |
|
|
|a 305384
|
| 100 |
|
|
|a 20150925d1983 m y0rusy5003 ca
|
| 101 |
0 |
|
|a rus
|
| 200 |
1 |
|
|a Информационно-поисковые системы
|e учебник для техникумов
|f И. М. Монастырский
|
| 210 |
|
|
|a Москва
|c Экономика
|d 1983
|
| 215 |
|
|
|a 207 с.
|c ил.
|
| 320 |
|
|
|a Библиогр.: с. 200-201
|
| 320 |
|
|
|a Предметный указатель: с. 202-205
|
| 606 |
1 |
|
|a Информационно-поисковые системы
|2 stltpush
|3 (RuTPU)RU\TPU\subj\12915
|9 39615
|
| 610 |
1 |
|
|a ИПС
|
| 610 |
1 |
|
|a информационный поиск
|
| 610 |
1 |
|
|a документы
|
| 610 |
1 |
|
|a массивы
|
| 610 |
1 |
|
|a ИПЯ
|
| 610 |
1 |
|
|a информационно-поисковые языки
|
| 610 |
1 |
|
|a технические средства
|
| 610 |
1 |
|
|a эффективность
|
| 610 |
1 |
|
|a оценка
|
| 610 |
1 |
|
|a учебники
|
| 686 |
|
|
|a Ч231.172(075.3)
|2 rubbk
|
| 700 |
|
1 |
|a Монастырский
|b И. М.
|g Исаак Моисеевич
|4 070
|
| 801 |
|
0 |
|a RU
|b RuMRKP
|c 19950704
|g psbo
|
| 801 |
|
1 |
|a RU
|b 63413507
|c 20150925
|
| 801 |
|
2 |
|a RU
|b 63413507
|c 20180627
|g RCR
|
| 942 |
|
|
|c BK
|